Những vấn đề văn hoá trong đời sống xã hội Việt Nam hiện nay
Lí luận về những vấn đề văn hoá trong đời sống xã hội Việt Nam hiện nay: Di sản văn hoá, văn hoá cộng đồng, thể chế văn hoá, văn hoá doanh nghiệp, đạo đức lối sống...
Uloženo v:
| Hlavní autor: | |
|---|---|
| Médium: | Kniha |
| Jazyk: | Vietnamese |
| Vydáno: |
H.
Văn hoá Thông tin ; Viện Văn hoá
2006
|
| Témata: | |
| Tagy: |
Přidat tag
Žádné tagy, Buďte první, kdo otaguje tento záznam!
|
| Thư viện lưu trữ: | Mạng thư viện Đại học Đà Nẵng |
|---|
| LEADER | 01520aam a22003858a 4500 | ||
|---|---|---|---|
| 001 | 000006968 | ||
| 003 | 3128 | ||
| 005 | 20110927160902.0 | ||
| 008 | 110926s2006 viesd | ||
| 020 | |c 48000đ |d 700b | ||
| 041 | |a vie | ||
| 082 | 1 | 4 | |2 14 |a 306.09597 |b HO-V |
| 084 | |a U114(1) |b NH556V | ||
| 100 | 1 | |a Hoàng Vinh | |
| 245 | |a Những vấn đề văn hoá trong đời sống xã hội Việt Nam hiện nay |c Hoàng Vinh | ||
| 260 | |a H. |b Văn hoá Thông tin ; Viện Văn hoá |c 2006 | ||
| 300 | |a 335tr. |c 21cm | ||
| 520 | |a Lí luận về những vấn đề văn hoá trong đời sống xã hội Việt Nam hiện nay: Di sản văn hoá, văn hoá cộng đồng, thể chế văn hoá, văn hoá doanh nghiệp, đạo đức lối sống... | ||
| 650 | 7 | |2 Bộ TK TVQG |a Văn hoá | |
| 650 | 7 | |2 Bộ TK TVQG |a Đời sống xã hội | |
| 650 | 7 | |2 Bộ TK TVQG |a Đời sống văn hoá | |
| 651 | 7 | |2 Bộ TK TVQG |a Việt Nam | |
| 653 | |a Văn hoá | ||
| 653 | |a Đời sống xã hội | ||
| 653 | |a Đời sống văn hoá | ||
| OWN | |a LSP | ||
| AVA | |a UDN50 |b LSP |d 306.09597 HO-V |e available |t Error 5001 Not defined in file expand_doc_bib_avail. |f 5 |g 0 |h N |i 0 |k 1 | ||
| 999 | |a From the UDN01 | ||
| AVA | |a UDN50 |b LSP |d 306.09597 HO-V |e available |t Error 5001 Not defined in file expand_doc_bib_avail. |f 5 |g 0 |h N |i 0 |k 1 | ||
| TYP | |a Monograph | ||
| TYP | |a Printed language | ||
| 980 | |a Mạng thư viện Đại học Đà Nẵng | ||